00329nam a2200121Ia 4500008004100000020001400041050001500055100002300070245003600093260004100129300002400170650001300194150202s9999 xx 000 0 und d a345380371 aFIC bFIC  aCrichton, Michael. aRising sun /cMichael Crichton. aNew York :bBallantine Books,c1992. a399 pages :c18 cm. aFiction.